| 000 | 01267nam a2200289 a 4500 | ||
|---|---|---|---|
| 001 | 000021581 | ||
| 003 | AM-YEHGA | ||
| 005 | 20250618070826.0 | ||
| 008 | 980923s1987 ai |||||||||||arm|d | ||
| 040 | _aAM-YeHGA | ||
| 041 | 1 |
_arus _aarm _hgrc |
|
| 100 | 0 | _aՀոմերոս | |
| 245 | 1 | 0 |
_aԻլիական : _b[Վիպերգ] / _cՀոմերոս ; Գրաբարից թարգմ.՝ Մ. Խերանյան ; Կազմ.՝ Ս.Խ. Մեսրոպյան; Խմբ.՝ Ս. Համբարձումյան ; Առաջաբ.՝ Ս. Ռադցիգ ; Նկ.՝ Լ.Ա. Սադոյան; ԵՊՀ. |
| 260 |
_aԵրևան : _bԵրևանի համալս. հրատ., _c1987. |
||
| 300 |
_a500 էջ : _bնկ. ; _c22 սմ. |
||
| 440 | 0 | _aՈւսանողի գրադարան | |
| 500 | _aԾանոթագր., էջ՝ 466-478 | ||
| 500 | _aԲառարան, էջ՝ 479-498 | ||
| 650 | 1 | 4 |
_aՀունական անտիկ գրականություն _xՎիպերգ |
| 700 | 1 |
_aՄեսրոպյան, Ս.Խ. _eկազմ. _4com |
|
| 700 | 1 |
_aՀամբարձումյան, Ս. _eխմբ. _4edt |
|
| 700 | 1 |
_aՌադցիգ, Ս. _eառաջաբ. _4aui |
|
| 700 | 1 |
_aՍադոյան, Լիպարիտ Արտեմի, _d1917-1992 _eնկ. _4art _93662 |
|
| 710 | 2 | _aԵրևանի պետական համալսարան | |
| 942 | _cBK | ||
| 090 | _c8050 | ||
| 999 |
_c7990 _d7990 |
||